000 00624nam a2200205 a 4500
001 BRL_611
005 20190320210824.0
008 100913s1980----cau#######---#000-0#spa-#
041 _aspa
044 _acau
050 4 _aHQ1460.5
_b.M85 1980
245 1 0 _aMujer y Sociedad en América Latina
_cSelección y Prólogo Lucia Guerra-Cunningham
260 _aIrvine
_bEditorial del Pacífico ; Universidad de California
_c1980
300 _a261 p.
_c18 cm.
500 _aAu697
650 1 4 _aMujer
_xCondiciones sociales
_zAmérica Latina
_924423
700 1 _aGuerra-Cunningham, Lucia
_924424
902 _aGRL
942 _2lcc
_cB
999 _c9423
_d9423